000 00419nam a2200181Ia 4500
005 20250423101745.0
008 250422s9999 xx 000 0 und d
020 _a0-764-56910-
050 _aQA 76.73.X57 .K39/
100 _aKay, Michael
245 0 _aXPath 2.0 : programmer`s reference
260 _aIndianapolis
260 _bWiley
260 _c2004
300 _a530 p
650 _aCOMPUTER
942 _cBK
999 _c37188
_d37188